000
00329nam a2200133Ia 4500
008
191201s2004 xx 000 0 und d
100
_a
SARGEANT, Howard
245
0
_a
What You Need to Know about Phrasal Verbs
250
_a
1st
260
_a
N.Delhi
_b
Learners Pub
_c
2004
300
_a
228
650
_a
Applied
942
_2
ddc
_c
BK
999
_c
2003
_d
2003